Normal view MARC view

Entry Personal Name

Number of records used in: 1

001 - CONTROL NUMBER

  • control field: 9962

003 - CONTROL NUMBER IDENTIFIER

  • control field: DLC

005 - DATE AND TIME OF LATEST TRANSACTION

  • control field: 20231128114341.0

008 - FIXED-LENGTH DATA ELEMENTS

  • fixed length control field: 110524n| acannaabn |n aaa c

010 ## - LIBRARY OF CONGRESS CONTROL NUMBER

  • LC control number: no2011081061

035 ## - SYSTEM CONTROL NUMBER

  • System control number: (OCoLC)oca08865917

040 ## - CATALOGING SOURCE

  • Original cataloging agency: MX-PuBUA
  • Language of cataloging: eng
  • Transcribing agency: MX-PuBUA

100 1# - HEADING--PERSONAL NAME

  • Personal name: Paniker, C. K. Jayaram

670 ## - SOURCE DATA FOUND

  • Source citation: Textbook of medical parasitology, 2007:
  • Information found: t.p. (C. K. Jayaram Paniker)

Powered by Koha